000 00396nam a2200169Ia 4500
003 0STCL
008 150530s9999 xx 000 0 und d
040 _aSTCL
_cSTCL
100 _aSairaj K P
245 _aBonsai
260 _bState Institue of Languages; Trivandrum
_c1993
_aTrivandrum
300 _a0
546 _aMalayalam
942 _2ddc
_cBK
999 _c17762
_d17762
005 20220125165814.0